000 00389nam a2200133Ia 4500
008 231129s2011||||xx |||||||||||||| ||spa||
020 _a978-958-761-105-2
040 _bspa
082 _a636.0821 G328g
245 0 _aGenética molecular aplicada al mejoramiento animal
260 _c2011
264 _aUniversidad Nacional de Colombia
942 _2ddc
_cBKS
999 _c14392
_d14392